15 mots d'anglais #3 - Statistiques

Statistiques générales
  • Ce quiz a été pris 111 fois
    53 depuis la dernière actualisation
  • Le résultat moyen est 4 sur 15
Statistiques - réponses
Français Anglais % Correct
Ananas Pineapple
86%
Soutien gorge Bra
70%
Coussin Cushion / Pillow
65%
Serviette / Essuie-main Towel
58%
Partenariat Partnership
37%
Ronronner To purr
23%
Miette Crumb
16%
Boyau Gut
14%
Blanchisserie Laundry
14%
Tirer / Remorquer To tow
9%
Vitrine Showcase
7%
Mailles / Grillage Mesh / Fence
5%
Cache-oreille Earmuff
2%
Equipement / Matériel Gear
2%
Entourer / Ceinturer To enclose
0%
Aucun quiz correspondant
Distribution des résultats
% des personnes avec chaque résultat
Percentile par nombre de réponses
Votre historique - résultats
Vous n’avez pas pris ce quiz depuis la dernière actualisation